Central Library OPAC University of Rajshahi

Environmental science : (Record no. 52709)

MARC details
000 -LEADER
fixed length control field 00764nam a2200253 a 4500
001 - CONTROL NUMBER
control field 52709
003 - CONTROL NUMBER IDENTIFIER
rucl marc code BD-RjUL
005 - DATE AND TIME OF LATEST TRANSACTION
control field 20211209075840.0
008 - FIXED-LENGTH DATA ELEMENTS--GENERAL INFORMATION
fixed length control field 160926s2004 II ||||| |||| 00| 0 eng d
020 ## - INTERNATIONAL STANDARD BOOK NUMBER
International Standard Book Number 812032157X
035 ## - SYSTEM CONTROL NUMBER
System control number (BD-RjUL)52829
040 ## - CATALOGING SOURCE
Original cataloging agency BD-RjUL
Language of cataloging eng
Transcribing agency BD-RjUL
Modifying agency BD-RjUL
041 ## - LANGUAGE CODE
Language code of text/sound track or separate title eng
082 ## - DEWEY DECIMAL CLASSIFICATION NUMBER
Edition number 23
Classification number 363.7
Author mark and year WRE 2004
100 ## - MAIN ENTRY--PERSONAL NAME
Personal name Wright, Richard T
9 (RLIN) 157636
245 10 - TITLE STATEMENT
Title Environmental science :
Remainder of title towards a sustainable future /
Statement of responsibility, etc. Richard T Wright and Bernard J Nebel
250 ## - EDITION STATEMENT
Edition statement 8th ed.
260 ## - PUBLICATION, DISTRIBUTION, ETC. (IMPRINT)
Place of publication, distribution, etc. New Delhi :
Name of publisher, distributor, etc. Prentice hall of india,
Date of publication, distribution, etc. 2004
300 ## - PHYSICAL DESCRIPTION
Pagination XXI, 681 P. :
Illustrations ill. ;
Accompanying material 27 cm.
500 ## - GENERAL NOTE
General note includes index
650 ## - SUBJECT ADDED ENTRY--TOPICAL TERM
Topical term or geographic name as entry element Environmental sciences.
9 (RLIN) 124688
700 ## - ADDED ENTRY--PERSONAL NAME
Personal name Nebel, Bernard J
942 ## - ADDED ENTRY ELEMENTS (KOHA)
Source of classification or shelving scheme Dewey Decimal Classification
Koha item type Books
Holdings
Lost status Source of classification or shelving scheme Damaged status Not for loan Collection code Permanent Location Current Location Shelving location Date acquired Source of acquisition Cost, normal purchase price Total Checkouts Full call number Date last seen Date checked out Copy number Koha item type
  Dewey Decimal Classification     Non-fiction Central Library, University of Rajshahi Central Library, University of Rajshahi   22/06/2006 Paragon Enterprises Dhaka 395.00 1 363.7 WRE 2004 16/03/2022 03/03/2022 C-2 Books
  Dewey Decimal Classification   Not For Loan Non-fiction Central Library, University of Rajshahi Central Library, University of Rajshahi Reading Room 22/06/2006 Paragon Enterprise Ltd.Dhaka. 395.00   363.7 WRE 2004 03/01/2017   C-1 Books